Archivo : Castilla La Mancha Castilla La Mancha
Descripción Física:
63 p. : il. col. ; 23 cm
Materias:
Archivo de Castilla-La Mancha
MARC
| LEADER | 00000nam a2200000Ia 4500 | ||
|---|---|---|---|
| 001 | 17589 | ||
| 008 | 160829s2005 xx 000 0 cat d | ||
| 080 | |a A-2-246 | ||
| 245 | |a Archivo : |b Castilla La Mancha | ||
| 260 | |a [Castilla - La Mancha] : |b Junta de Comunidades de Castilla - La Mancha, |c 2005 | ||
| 300 | |a 63 p. : |b il. col. ; |c 23 cm | ||
| 610 | 2 | 0 | |a Archivo de Castilla-La Mancha |9 54337 |
| 901 | |a Arxiu | ||
| 942 | |n 1 | ||
| 952 | |0 0 |1 0 |4 0 |6 A2246 |7 1 |9 45170 |a Arxiu |b Arxiu |d 2016-12-01 |l 0 |o A-2-246 |p 17589 |r 2016-12-01 00:00:00 |w 2016-12-01 |y ARXIU | ||
| 999 | |c 48241 |d 48241 | ||